000 00442nam a2200181Ia 4500
005 20250603145230.0
008 250603s9999 xx 000 0 und d
020 _a9789788446798
050 _aJZ 6.5.I64 .E45/
100 _aEminue, Okon
245 0 _aKey issues in international relations
260 _aNigeria
260 _bUniversity of Nigeria Press Ltd.
260 _c2015
300 _a263 p
650 _aNigeria
942 _cBK
999 _c41260
_d41260